00490nam a2200169 a 450000100060000000300090000600800410001502000150005604000280007108200160009910000250011524500690014026000320020930000080024165000370024965000340028614027CO-ViMGA141112s2004 ck r 000 u spa d a8487520383 aCO-ViMGAbspacCO-ViMGA04a372.86 S1351 aSaenz - Lopez, Pedro10aLa educación fisica y su didactica : bmanual para el profesor aCadiz : bWanceulen, c1997 a21514aeducación FISICA - ENSEÑANZA14aeducación FISICA - MANUALES